01019cam a22002893a 45000010005000000030006000050050017000110080041000280400015000690420007000840500011000911000040001022450135001422600029002775060030003065160020003366530058003566530041004146530041004556530038004966530026005348300028005608560041005889420007006299990019006369520074006557882PGUSA20140828083150.0050401s2005||||xxu|||||s|||||000 | eng d aPGUSAbeng adc 4aF590.31 aEllis, Edward Sylvester,d1840-191614aThe Life of Kit Carson :bHunter, Trapper, Guide, Indian Agent and Colonel U.S.A.h[electronic resource] /cEdward Sylvester Ellis bProject Gutenberg,c2005 aPublic domain in the USA. aElectronic text aScouting (Reconnaissance) -- West (U.S.) -- Biography aSoldiers -- West (U.S.) -- Biography aPioneers -- West (U.S.) -- Biography aWest (U.S.) -- History -- To 1848 aCarson Kit, 1809-1868 0aProject Gutenbergv788240uhttp://www.gutenberg.org/ebooks/7882 cEB c237182d237182 001040aGTBbGTBd2014-08-28l0r2014-08-28 00:00:00w2014-08-28yEB